Devil on the run. (Record no. 14231)

000 -LEADER
fixed length control field 00563nam a2200193 a 4500
001 - CONTROL NUMBER
control field :::00012060$&:&@@
003 - CONTROL NUMBER IDENTIFIER
control field OkBaRHE
005 - DATE AND TIME OF LATEST TRANSACTION
control field 20100402121144.0
008 - FIXED-LENGTH DATA ELEMENTS--GENERAL INFORMATION
fixed length control field s1989 j 000 0 eng u
040 ## - CATALOGING SOURCE
Transcribing agency
100 1# - MAIN ENTRY--PERSONAL NAME
Personal name Cruz, Nicky.
245 10 - TITLE STATEMENT
Title Devil on the run.
260 ## - PUBLICATION, DISTRIBUTION, ETC. (IMPRINT)
Place of publication, distribution, etc Melbourne, FL., :
Name of publisher, distributor, etc Dove Christian Books
Date of publication, distribution, etc 1989
300 ## - PHYSICAL DESCRIPTION
Extent 192 p. ;
Dimensions 21 cm.
650 ## - SUBJECT ADDED ENTRY--TOPICAL TERM
Topical term or geographic name as entry element Biography
650 ## - SUBJECT ADDED ENTRY--TOPICAL TERM
Topical term or geographic name as entry element Cruz, Nicky
942 ## - ADDED ENTRY ELEMENTS (KOHA)
Source of classification or shelving scheme
Koha item type Books
Copies
Shelving location Date last seen Withdrawn status Source of classification or shelving scheme Price effective from Lost status Permanent Location Koha item type Not for loan Date acquired Barcode Damaged status Copy number Full call number
General Stacks2010-04-14  2010-04-14 RHEMA Bible Training CollegeBooks 2010-04-1412060 1BX 8769 .Z8 C7 1989